Histoire de familles dans le monde grec ancien et dans la Rome antique

Guardat en:
Dades bibliogràfiques
Autor principal: Pébarthe, Christophe (éditeur)
Altres autors: Devillers, Olivier (éditeur)
Format: Llibre
Idioma:francès
Publicat: Burdeos Aisonius Editions 2018
Edició:1a. ed
Col·lecció:Scripta Antiqua, 112
Matèries:
Etiquetes: Afegir etiqueta
Sense etiquetes, Sigues el primer a etiquetar aquest registre!

MARC

LEADER 00000cam a2200000 a 4500
001 UCC7824
003 CL-VaPUC
005 20250227154004.0
008 190510e20180000fr |||||||||||||||||fre|d
999 |c 374373  |d 374371 
020 |a 9782356132130 
040 |c Pontificia Universidad Católica de Valparaíso 
082 0 4 |a 306.09495  |b PEB  |2 21 
100 |a Pébarthe, Christophe  |e éditeur  |9 602549 
245 1 0 |a Histoire de familles dans le monde grec ancien et dans la Rome antique 
250 |a 1a. ed 
260 |a Burdeos  |b Aisonius Editions  |c 2018 
300 |a 340 p 
490 0 |a Scripta Antiqua, 112 
583 |a last modification  |c 20190510 15:30:00  |k Rodrigo Vera 
650 7 |a CIVILIZACION GRECO-ROMANA  |2 CL-VaPUC  |9 268177 
650 0 |a Política y gobierno  |9 255151 
650 0 |a Vida social y costumbres  |9 258725 
650 7 |a GRECIA ANTIGUA  |2 CL-VaPUC  |9 427158 
700 |a Devillers, Olivier  |e éditeur  |9 864630 
942 |c BK  |2 ddc 
945 |d 20190510 15:30:00  |a dcastane 
952 |0 0  |1 0  |3 erb  |4 0  |6 306_094950000000000_PEB_2018  |7 0  |8 A  |9 492881  |a BIBHIS  |b BIBHIS  |i 5546540  |l 1  |o 306.09495 PEB 2018  |p 5546540  |r 2025-01-20  |s 2022-09-21  |w 2019-11-24  |y BK  |z Catalogado en:20190510  |k HIS